Multiple-Time NCAA Championship Coaches Quiz Stats

 Plays Quiz Updated Mar 7, 2019

Score 0/15 Timer 05:00
3 Plays Today
Championships Coach % Correct
10John Wooden
89.9%
5Mike Krzyzewski
81.6%
3Roy Williams
80.2%
2Dean Smith
75.3%
3Bob Knight
72.6%
2Rick Pitino
64.8%
4Adolph Rupp
54.2%
3Jim Calhoun
51.4%
Championships Coach % Correct
2Billy Donovan
48.3%
2Jay Wright
45.4%
2Denny Crum
22%
2Henry Iba
16.1%
2Branch McCracken
5.1%
2Ed Jucker
3.9%
2Phil Woolpert
3.4%

You're not logged in!

Compare scores with friends on all Sporcle quizzes.
OR
Log In

Show Comments

Extras

Top Quizzes Today


Score Distribution

Your Account Isn't Verified!

In order to create a playlist on Sporcle, you need to verify the email address you used during registration. Go to your Sporcle Settings to finish the process.

Report this User

Report this user for behavior that violates our Community Guidelines.

Details: